000 00759nam a2200253Ia 4500
003 OSt
005 20220928114535.0
006 a|||||r|||| 00| 0
007 ta
008 220927b |||||||| |||| 00| 0 eng d
020 _a9789390260287
_cINR 395.00
024 _a146427
037 _b37, 10/12/2021, Classic Book Service
_cTextual
040 _aSDCL
_cSDCL
_beng
041 _2eng
_aeng
082 _aXwN45, R0 LR
100 _aAhluwalia Isher Judge
245 0 _aBreaking through
260 _aNew Delhi
_bRupa
_c2020
300 _ax,173p.
_ccm.
650 _aBusiness Economics and Finance
942 _hXwN45, R0 LR
_cTEXL
_2CC
999 _c755284
_d755284